000 00639nam a2200229Ia 4500
003 GCL
008 140319s9999 xx 000 0 eng d
020 _a0857150872
040 _aGCL /
_cGCL
082 0 4 _a389.22
_bH A
100 1 _aHUSSEIN, HADAWY
245 1 0 _aTHE ARABIAN NIGHTS = الف ليلة وليلة /
_cHUSSEIN, HADAWY
700 1 _aMUHSIN MAHDI
260 _aانجلترا :
_bEVERYMAN'S LIBRARY ،
_c1992
300 _a21 CM ؛
_c2 VOL
490 _aTHE MILLENNIUM LIBRARY
_v87 - 142
650 0 4 _aFOLKLORE
650 0 4 _aPOPULAR ARTS
650 0 4 _aFOLKLORE FICTION
650 0 4 _aLEGENDS STORIES
942 _2ddc
_cBK
999 _c5448
_d5448